Poor Support for Poor People? Assessing the Impacts of Improving Adequacy in Minimum Income Scheme in Slovakia
Konceptualizácia a kvantifikácia účinkov zlepšenia primeranosti systému minimálneho príjmu na Slovensku. Východiskom sú predchádzajúce zistenia o jeho významných nedostatkoch a diskusia o nich vo vzťahu k myšlienkam aktivácie, aktívneho začlenenia a sociálnych investícií.
Saved in:
| Main Author: | |
|---|---|
| Other Authors: | |
| Format: | Book Chapter |
| Language: | English |
| Subjects: | |
| Tags: |
No Tags, Be the first to tag this record!
|
MARC
| LEADER | 00000naa a2200000 4500 | ||
|---|---|---|---|
| 001 | 0246306 | ||
| 005 | 20180711105441.2 | ||
| 041 | 0 | |a eng | |
| 044 | |a SK | ||
| 245 | 1 | 0 | |a Poor Support for Poor People? Assessing the Impacts of Improving Adequacy in Minimum Income Scheme in Slovakia |c Daniel Gerbery, Tomáš Miklošovič |
| 520 | |a Konceptualizácia a kvantifikácia účinkov zlepšenia primeranosti systému minimálneho príjmu na Slovensku. Východiskom sú predchádzajúce zistenia o jeho významných nedostatkoch a diskusia o nich vo vzťahu k myšlienkam aktivácie, aktívneho začlenenia a sociálnych investícií. | ||
| 610 | 2 | 0 | |a chudoba |
| 610 | 2 | 0 | |a chudobní |
| 610 | 2 | 0 | |a príjmy |
| 610 | 2 | 0 | |a príjmy osobné |
| 610 | 2 | 0 | |a minimum existenčné |
| 610 | 2 | 0 | |a zabezpečenie sociálne |
| 100 | 1 | |a Gerbery, Daniel | |
| 700 | 1 | |a Miklošovič, Tomáš | |